000 00897 a2200229 4500
008 130821s2007 mx a gr spa
020 _a9789681684518
040 _aCO-BoUCM
_bspa
_cAngélica Chartano
_dAldemar Mondragón
041 0 0 _aspa
100 1 _aMartínez, Rocío
_940157
245 1 3 _aDe cómo nació la memoria de el bosque
_cRocio Martínez
260 _aMéxico D.F. (México)
_bFondo de Cultura Económica
_c2007
300 _a[36] páginas
_bilustraciones a color
490 _aLos especiales de a la orilla del viento
586 _aObra ganadora del X premio de álbum ilustrado a la orilla del viento
650 _aLibros ilustrados para niños
_918516
650 7 _aLiteratura española
_97793
650 7 _xLiteratura infantil
_918680
690 _aLiteratura europea
942 _cLIBRO
_a18
_e1
_mM386d
_2DEWEY
_h868.64
_n0
999 _c167224
_d167224